| 000 | 00584nam a22001937a 4500 | ||
|---|---|---|---|
| 999 |
_c525517 _d525517 |
||
| 003 | NUST | ||
| 020 | _qHbk | ||
| 038 | _aArshad | ||
| 082 |
_a891.421 _bSAH |
||
| 100 |
_aHussain Sahr _916416 |
||
| 245 |
_aDhuppan chanwaan / _cHussain Sahar |
||
| 260 |
_aMultan: _bKitab nagar hassan arcade, _c2000. |
||
| 300 | _a128 p.: | ||
| 650 |
_aPunjabi Literature -- Poetry _92176 |
||
| 880 |
_6100-01\r _aحسین سحر |
||
| 880 |
_6245-02\r _aدھپاں چھانواں _cحسین سحر |
||
| 880 |
_6260-03\r _aملتان: _bکتاب نگر حسن آرکیڈ، _c2000۔ |
||
| 942 |
_2ddc _cBK |
||